|
|
|
|
| LEADER |
00000nab a2200000 ar4500 |
| 001 |
vtls010174521 |
| 003 |
SK-MaSNL |
| 005 |
20260318140032.0 |
| 008 |
101001c20100821xo |||||||| 000 b|hun |
| 015 |
|
|
|a SNBRB2010/09
|2 snkbucl
|
| 038 |
|
|
|a SNKBUCL
|
| 040 |
|
|
|a DSZK
|b slo
|c DSZK
|e AACR2
|
| 041 |
0 |
|
|a hun
|
| 044 |
|
|
|a xo
|c SK
|
| 080 |
|
|
|a 78.071.1:782.1
|x (048)
|2 2001
|
| 080 |
|
|
|a 782.1
|x (048)
|2 2001
|
| 100 |
1 |
|
|a Csehy, Zoltán,
|d 1973-
|4 aut
|9 86541
|
| 245 |
1 |
0 |
|a Egy klasszikus pszichothriller az operaszínpadon
|c Csehy Zoltán
|
| 300 |
|
|
|b Fotogr.
|
| 600 |
1 |
7 |
|a Britten, Benjamin,
|d 1913-1976
|t The Turn of the Screw
|2 snkbucl
|9 1100659
|
| 650 |
0 |
7 |
|a nahrávky CD
|2 snkbucl
|9 19639
|
| 650 |
0 |
7 |
|a opery
|2 SNKPH
|9 3214
|
| 655 |
|
7 |
|a recenzie
|2 SNKPH
|9 21907
|
| 773 |
0 |
|
|t Új szó
|g Évf. 63, sz. 193 (21.8.2010), o. 13
|x 1335-7050
|
| 773 |
0 |
8 |
|i Mell.:
|t Szalon
|g Évf. 4, sz. 32 (2010)
|
| 852 |
|
|
|a SNK
|b KIS3GCP
|
| 852 |
|
|
|a DSZK
|b KIS3GCP
|
| 958 |
|
|
|a HU
|
| 958 |
|
|
|a GB
|
| 958 |
|
|
|a RC
|
| 999 |
|
|
|c 1809724
|d 1811654
|